000 00657nam a22001937a 4500
008 130821s1933 xxu gr eng
040 _aCo-BoUCM
_bspa
041 0 0 _aeng
100 _aHuxley, Aldous
_d1894-1963
_9109237
245 0 0 _aTexts and pretexts An anthology with commentaries
_cBy Aldous Huxley
260 _aNueva York (Estados Unidos)
_bHarper Brothers Publishers
_c1933
300 _a322 páginas
500 _aIncluye índice
600 _aCastro Silva
_9563
650 0 4 _aAntologías
_zInglaterra
_99182
650 0 4 _aEnsayos ingleses
_914568
942 _cLIBRO
_a18
_e1
_mH89
_n0
_2DEWEY
_h820
999 _c85947
_d85947